| 000 | 02069nam a2200409 c 4500 | ||
|---|---|---|---|
| 003 | BLK | ||
| 005 | 20250801145731.0 | ||
| 008 | 180409b bul|||||r ||||||| ||bul|| | ||
| 010 | _aKNG00106709000 | ||
| 020 | _a954-739-237-9 | ||
| 040 | _aBLK | ||
| 041 |
_aBUL _cBUL |
||
| 080 |
_aБългарска литература _b821.163.2 _x-32 _z821.163.2-32 |
||
| 080 |
_aБългарска литература _b821.163.2 _x-7 _z821.163.2-7 |
||
| 139 |
_aКонстантинов, Алеко Иваницов _bК 82 |
||
| 245 | 1 | 0 |
_aБай Ганьо _cАлеко Иваницов Константинов; състав. Иван Гранитски; послесл. от Панко Анчев. |
| 257 | _aBGR | ||
| 260 |
_aСофия _bЗахарий Стоянов _c2002 _fСофия : Образование и наука |
||
| 300 |
_a448 с. _c20 см |
||
| 380 | _aX | ||
| 490 | 1 |
_aПоредица Българска класика _v12 |
|
| 500 | _aОфс. изд. - 3 000 тир. - Съдържа и Редове от биографията / Милен Куманов ; От "До Чикаго и назад" до "Бай Ганьо" / Михаил Арнаудов ; Речник. Съдържа : До Чикаго и назад ; Бай Ганьо ; Фейлетони. | ||
| 653 | _aповести | ||
| 653 | _aпътеписи | ||
| 653 | _aфейлетони | ||
| 653 | _aхумор | ||
| 653 | _aсатира | ||
| 700 | 1 |
_aАнчев, Панко Кирилов _d1946 - _gЛитературовед, историк, философ, публицист. _932971 |
|
| 700 | 1 |
_aГранитски, Иван _qДимитров, Иван Йорданов _d1953- _gЖурналист, литературен критик, теоретик и историк, поет, публицист и издател. _eсъстав. _955767 |
|
| 852 | _aЦб 215203 | ||
| 856 | 4 | _qpdf | |
| 856 | 4 | _qpdf | |
| 942 |
_cKNG _n0 _043 |
||
| 944 |
_aCR _c01.01.2002 _k30531 _lЦветелина Шанова |
||
| 944 |
_aED _c15.12.2012 |
||
| 999 |
_c101657 _d101657 |
||
| 999 | _d101657 | ||